000 00277 a2200109 4500
020 _a9789361596964
100 _aDavid M. Levine
245 _aEven you can learn statistics and analytics: an easy to understand guide
250 _a4th
260 _bPearson
_c2025
942 _cOO
999 _c115977
_d115976